Logo BPK

Biblioteka

Politechniki Koszalińskiej

Stracone złudzenia / (Rekord nr 55694)

Szczegóły MARC
000 -ETYKIETA REKORDU
podpole kontrolne o stałej długości 01580nam a2200385 i 4500
001 - NUMER KONTROLNY REKORDU
pole kontrolne bg
020 ## - MIĘDZYNARODOWY ZNORMALIZOWANY NUMER KSIĄŻKI - ISBN
ISBN 8498191645 (całość)
020 ## - MIĘDZYNARODOWY ZNORMALIZOWANY NUMER KSIĄŻKI - ISBN
ISBN 8498191718
040 ## - ŹRÓDŁO KATALOGOWANIA
Instytucja, która utworzyła rekord BPK
041 1# - KOD JĘZYKA
Kod języka tekstu pol
Kod języka oryginału fre
044 ## - KOD KRAJU WYDAWCY/PRODUCENTA
Kod kraju wydawcy/producenta POL
080 ## - UNIWERSALNA KLASYFIKACJA DZIESIĘTNA - UKD
UKD 821.133.1-3
920 ## - Międzynarodowy znormalizowany numer książki – ISBN
ISBN 84-9819-164-5 (całość)
920 ## - Międzynarodowy znormalizowany numer książki – ISBN
ISBN 84-9819-171-8
008 - POLE O STAŁEJ DŁUGOŚCI - DANE KONTROLNE
podpole kontrolne o stałej długości s pl f |000 0 pol
100 1# - NAZWA OSOBOWA
Nazwa osobowa Balzac, Honoré de
Daty związane z nazwą (1799-1850).
245 10 - TYTUŁ/ODPOWIEDZIALNOŚĆ
Tytuł Stracone złudzenia /
Pozostałe elementy strefy tytułu i oznaczenia odpowiedzialności Honoré de Balzac ; przekł. Tadeusz Boy-Żeleński.
246 1# - WARIANT TYTUŁU
Treść wyrażenia wprowadzającego Tyt. oryg.:
Tytuł Illusions perdues
246 1# - WARIANT TYTUŁU
Treść wyrażenia wprowadzającego Tyt. oryg.:
Tytuł Deux poètes
246 1# - WARIANT TYTUŁU
Treść wyrażenia wprowadzającego Tyt. oryg.:
Tytuł Grand homme de province à Paris
246 1# - WARIANT TYTUŁU
Treść wyrażenia wprowadzającego Tyt. oryg.:
Tytuł Souffrances de l'inventeur
260 ## - STREFA ADRESU WYDAWNICZEGO
Miejsce wydania [s.l.] :
Nazwa wydawcy/dystrybutora Mediasat Group,
Data publikacji, dystrybucji/powstania dokumentu 2005.
300 ## - STREFA OPISU FIZYCZNEGO
Objętość 604, [3] s. ;
Rozmiary 21 cm.
490 1# - STREFA SERII I DOKUMENTU WIELOCZĘŚCIOWEGO - FORMA NIE DO WYSZUKIWANIA
Tytuł i oznaczenie odpowiedzialności serii Biblioteka Gazety Wyborczej : XIX wiek ;
Numeracja w obrębie serii 7
500 ## - UWAGI OGÓLNE
Tekst uwagi Tyt. oryg.: "Illusions perdues. Les deux poètes ; Un grand homme de province à Paris ; Les souffrances de l'inventeur.
500 ## - UWAGI OGÓLNE
Tekst uwagi Wyd. we współpr. merytorycznej z Zakładem Narodowym im. Ossolińskich - Wydawnictwo, Wrocław.
505 0# - SFORMALIZOWANA UWAGA DOTYCZĄCA ZAWARTOŚCI
Pełny tekst uwagi Dwaj poeci ; Wielki człowiek z prowincji w Paryżu ; Cierpienia wynalazcy.
650 #9 - HASŁO PRZEDMIOTOWE W FORMIE NAZWY OGÓLNEJ LUB JEDNOSTKOWEJ
Nazwa ogólna lub geograficzna Powieść francuska
Określnik chronologiczny 19 w.
700 1# - HASŁO DODATKOWE - NAZWA OSOBOWA
Nazwa osobowa Żeleński, Tadeusz
Daty związane z nazwą (1874-1941).
Określenie związku między hasłem a opisywanym materiałem Tł.
700 12 - HASŁO DODATKOWE - NAZWA OSOBOWA
Nazwa osobowa Balzac, Honoré de
Daty związane z nazwą (1799-1850).
Tytuł dzieła Dwaj poeci
700 12 - HASŁO DODATKOWE - NAZWA OSOBOWA
Nazwa osobowa Balzac, Honoré de
Daty związane z nazwą (1799-1850).
Tytuł dzieła Wielki człowiek z prowincji w Paryżu
700 12 - HASŁO DODATKOWE - NAZWA OSOBOWA
Nazwa osobowa Balzac, Honoré de
Daty związane z nazwą (1799-1850).
Tytuł dzieła Cierpienia wynalazcy
830 #0 - HASŁO DODATKOWE SERII LUB DOKUMENTU WIELOCZĘŚCIOWEGO - TYTUŁ UJEDNOLICONY
Tytuł ujednolicony Biblioteka Gazety Wyborczej ;
Oznaczenie tomu 7
942 ## - DODATKOWE ELEMENTY (KOHA)
Typ dokumentu Książka
Egzemplarze
Wycofany Status egzemplarza Uszkodzony Dostępność Lokalizacja stała Lokalizacja bieżąca Miejsce przechowywania Sygnatura Kod kreskowy Typ dokumentu
      Dostępny Biblioteka Politechniki Koszalińskiej Biblioteka Politechniki Koszalińskiej Wypożyczalnia BG 89092 02441818 Książka
© 2023 Biblioteka Politechniki Koszalińskiej :: KOHA